000 00821cam a22002658a 4500
005 20260322212033.0
008 data
010 _a 2006009055
020 _a0525949690 (hardcover)
020 _a9780525949695 (hardcover)
040 _aDLC
_cDLC
_dDLC
042 _apcc
050 0 0 _aML3830
_b.L38 2006
082 0 0 _a781/.11
_222
096 _aWM 450.5.M8 L38 2006
100 1 _aLevitin, Daniel J.
245 1 0 _aThis is your brain on music :
_bhow an essential human obsession made us who we are /
_cDaniel J. Levitin.
260 _aNew York, N.Y. :
_bDutton,
_c2006.
263 _a0608
300 _ap. cm.
504 _aIncludes bibliographical references and index.
650 0 _aMusic
_xPsychological aspects.
856 4 1 _3Table of contents
_uhttp://www.loc.gov/catdir/toc/ecip0610/2006009055.html
001 data
999 _c769
_d769